[Event "EU-ch Amateur Online 1700/2000"]
[Site "Tornelo INT"]
[Date "2021.04.24"]
[Round "6"]
[White "Bougas, Georgios"]
[Black "Sytnyk, Yaroslav"]
[Result "0-1"]
[WhiteElo "1096"]
[BlackElo "1812"]
[PlyCount "84"]
[EventDate "2021.04.24"]
[EventType "swiss (rapid)"]
[EventRounds "8"]
[EventCountry "NET"]
[SourceTitle "EXT 2023"]
[Source "ChessBase"]
[SourceDate "2022.10.05"]
[SourceVersion "1"]
[SourceVersionDate "2022.10.05"]
[SourceQuality "1"]

1. d4 Nf6 2. Nf3 c6 3. c4 d5 4. Nc3 a6 5. cxd5 cxd5 6. Bf4 Bf5 7. Qb3 b5 8. e3 e6 9. Be2 Be7 10. 0-0 0-0 11. a3 Nc6 12. Rac1 Na5 13. Qd1 Nh5 14. Bg3 Nxg3 15. hxg3 Nc4 16. Bxc4 bxc4 17. Ne5 Rb8 18. Nc6 Qc7 19. Nxb8 Rxb8 20. b4 cxb3 21. Nxd5 Qd7 22. Nxe7+ Qxe7 23. g4 Be4 24. f3 Bc2 25. Rxc2 bxc2 26. Qxc2 Qxa3 27. e4 Qe3+ 28. Qf2 Qc3 29. Rd1 Rb2 30. Qf1 Qe3+ 31. Kh1 h5 32. gxh5 Rb5 33. d5 exd5 34. exd5 Rb4 35. g3 Rb2 36. d6 Rf2 37. Qd3 Qe6 38. g4 Qe5 39. f4 Qxf4 40. Qh3 Rf3 41. Qg2 Rg3 42. Qh2 Qf3+ 0-1